00344nam a2200133Ia 4500003000400000008004100004020002300045040000800068100001700076245006300093260002900156300001300185365001200198LDD181029s9999 xx 000 0 und d a3540304495cE49.95 cLDD aKau, Weidong 0aEnabling Technologies for Wireless E-BusinesscWeidong Kau aNew YorkbSpringerc2006 ax, 379p. bE 49.95